Cassava program ... report.

Bibliographic Details
Corporate Author: Centro Internacional de Agricultura Tropical
Format: Serial
Language:English
Published: Cali, Colombia : Centro Internacional de Agricultura Tropical, [19-]
Subjects:
Online Availability: Check for online availability

MARC

Tag First Indicator Second Indicator Subfields
LEADER 00000cas a2200000 a 4500
001 in00000080097
005 20151008055320.0
008 810602c19uu9999ck ar 0uuua0eng d
010 |a  81642342  
012 |a 4  |b 7 
022 |a 0120-2340 
035 |a (OCoLC)07470145 
035 |9 AAJ3132AM 
037 |b Centro Internacional de Agricultura Tropical, Apt. Aereo 67-13, Cali 
040 |a DJB  |c DJB  |d DLC  |d TXA  |d UtOrBLW 
042 |a lc 
049 |a TXAE 
050 0 0 |a SB211.C3  |b C39 
082 0 |a 633.6/82/05 
245 0 0 |a Cassava program ... report. 
246 1 7 |a CIAT annual report cassava program 
264 1 |a Cali, Colombia :  |b Centro Internacional de Agricultura Tropical,  |c [19-] 
300 |a volumes :  |b illustrations ;  |c 24 cm. 
310 |a Annual 
336 |a text  |b txt  |2 rdacontent 
337 |a unmediated  |b n  |2 rdamedia 
338 |a volume  |b nc  |2 rdacarrier 
500 |a Description based on: 1978. 
650 0 |a Cassava  |x Periodicals. 
710 2 |a Centro Internacional de Agricultura Tropical. 
999 |a MARS 
999 f f |s 41d25f03-d41f-3126-9f52-9fd20e7d3e5c  |i 7aaa7b30-5a19-3b48-b8e8-7a1c2431fbea  |t 0 
952 f f |p ric  |a Texas A&M University  |b Rellis Campus  |c Joint Library Facility  |d Remote Storage  |t 0  |e SB211.C3 C39  |h Library of Congress classification  |i unmediated -- volume  |l 1978  |m A14807717184 
998 f f |a SB211.C3 C39  |s 1978  |t 0  |l Remote Storage